Chemické kontrolné metódy pre 4. ročník SPŠ, študijného odboru výroba cukru a cukroviniek

Bibliographic Details
Main Author: Zolmanová, Blanka (Author)
Other Authors: Troščáková, Eva (Translator)
Format: Book
Language:Slovak
Czech
PhysicalDescription:278 s. schémy, tabuľky 21 cm
Published: Bratislava Alfa 1990
ISBN:8005008678
Edition:1. vyd.
Series:Edícia chemickej literatúry
Subjects:

MARC

LEADER 00000cam a2200000 a 4500
001 vtls001064353
003 SK-MaSNL
005 20260301000201.0
008 240226s1990 xo a drnp 000 0 slo
015 |a SNBA1991/05 
020 |a 8005008678  |q (viazané) 
035 |a SNK000007182 
035 |a D90D3A33-4C1B-4D83-8CC5-DA464521F180 
035 |a urn:nbn:sk:snk-am00ihx1 
040 |a SNK  |b slo  |c SNK  |e AACR2 
041 1 |a slo  |h cze 
044 |a xo  |c SK 
072 7 |a 664  |x Potravinársky priemysel  |2 konspekt 
080 |a 664.1  |2 2001 
080 |a 664.143  |2 2011 
080 |a (075.3)  |2 2011 
100 1 |a Zolmanová, Blanka  |4 aut  |9 277059 
240 1 0 |a Chemické kontrolní metody pro 3. a 4. ročník SPŠ potravinářské technologie, obor výroby cukru a cukrovinek  |l Slovensky 
245 1 0 |a Chemické kontrolné metódy pre 4. ročník SPŠ, študijného odboru výroba cukru a cukroviniek  |c Blanka Zolmanová ; [z českého originálu preložila Eva Troščáková] 
250 |a 1. vyd. 
260 |a Bratislava  |b Alfa  |c 1990 
300 |a 278 s.  |b schémy, tabuľky  |c 21 cm 
366 |e 200 výt. 
490 1 |a Edícia chemickej literatúry 
504 |a Obsahuje bibliografické odkazy 
650 0 7 |a cukor  |2 SNKPH  |9 18223 
650 0 7 |a cukrovinky  |2 SNKPH  |9 29750 
650 0 7 |a Sugar  |2 SNKPHeng  |9 277060 
650 0 7 |a Candy  |2 SNKPHeng  |9 277061 
655 7 |a učebnice stredných škôl  |2 SNKPH  |9 69323 
655 7 |a Textbooks (secondary)  |2 SNKPHeng  |9 276359 
700 1 |a Troščáková, Eva  |4 trl  |9 277062 
830 0 |a Edícia chemickej literatúry  |9 276844 
852 |a Slovenská národná knižnica 
919 |a 80-05-00867-8 
954 |a odborná, vedecká literatúra cudzojazyčná (svetová)  |2 lita 
958 |a NB 
958 |a OP 
958 |a OND 
958 |a EUIPO 
968 |a SLO  |b ČES 
999 |c 532113  |d 534043 
952 |a SNK  |b SNK  |y VYP  |7 0  |p 17A0142555  |o snkSC 79097 D1  |0 0  |1 0  |4 0  |d 1998-05-21  |l 0  |r 2004-12-31 00:00:00  |w 2026-02-23 
952 |a SNK  |b SNK  |y PREZ  |7 0  |p 17A0993651  |o snkSC 79097  |i snkKSP 2785/91  |0 0  |1 0  |4 0  |d 2012-08-09  |f 1  |l 0  |r 2026-02-23 12:11:37  |w 2026-02-23